00530 a2200157 4500010001400000020002600014035001300040037001600053082001200069100002000081245009300101260005100194270007700245300003100322500001900353 aENG-88927 a9788178297675c295.00 aEN-72460 bDBAD / PUB a658.812 aMahajan, Gautam aCustomer value investment :bformula for sustained business success /cby Gautam Mahajan aNew DelhibResponse (Sage Publications)c2008 aB 1/11, Mohan Cooperative Indl. Area, Mathura Road,bNew Delhie110 044 axix, 187p. :c22cm (pbk ) aIncludes index